Privilegios reales de la Orden Montesa de la Edad Media (Record no. 84083)

MARC details
000 -LEADER
campo de control de longitud fija 00740nam a2200193 i 4500
001 - NÚMERO DE CONTROL
campo de control 84083
003 - IDENTIFICADOR DE NÚMERO DE CONTROL
campo de control ES-MaACL
005 - FECHA Y HORA DE LA ÚLTIMA TRANSACCIÓN
campo de control 20230906174937.0
007 - CAMPO FIJO DE DESCRIPCIÓN FÍSICA--INFORMACIÓN GENERAL
campo de control de longitud fija t|
008 - DATOS DE LONGITUD FIJA--INFORMACIÓN GENERAL
campo de control de longitud fija 041119q1946 sp ||||1| spa d
100 1# - ENTRADA PRINCIPAL--NOMBRE DE PERSONA
Nombre de persona Javierre Mur, Aurea Lucinda.
9 (RLIN) 66211
245 10 - MENCIÓN DEL TÍTULO
Título Privilegios reales de la Orden Montesa de la Edad Media
Resto del título : catálogo de la serie existente en el Archivo Histórico Nacional /
Mención de responsabilidad, etc. Aurea L. Javierre Mur.
260 ## - PUBLICACIÓN, DISTRIBUCIÓN, ETC.
Lugar de publicación, distribución, etc. Madrid :
Nombre del editor, distribuidor, etc. Junta Técnica de Archivos, Bibliotecas y Museos,
Fecha de publicación, distribución, etc. [1946?] (
Fabricante Blass)
300 ## - DESCRIPCIÓN FÍSICA
Extensión 361 p., 9 lám. ;
Dimensiones 24 cm.
610 24 - PUNTO DE ACCESO ADICIONAL DE MATERIA--NOMBRE DE ENTIDAD CORPORATIVA
Nombre de entidad corporativa o nombre de jurisdicción como elemento de entrada Orden de Montesa-
Subdivisión de forma Historia.
9 (RLIN) 6039
710 2# - ENTRADA AGREGADA--NOMBRE DE ENTIDAD CORPORATIVA
Nombre de entidad corporativa o nombre de jurisdicción como elemento de entrada Archivo Histórico Nacional (España)
9 (RLIN) 1450
852 ## - LOCALIZACIÓN
Ubicación ES-MaACL
Número de control de estantería B-10735
Sublocalización o colección R.21977
852 ## - LOCALIZACIÓN
Ubicación ES-MaACL
Número de control de estantería C-4219
Holdings
Estatus retirado Estado de pérdida Estado de daño No para préstamo Biblioteca de origen Biblioteca actual Ubicación en estantería Fecha de adquisición Fuente de adquisición Total de préstamos Signatura topográfica completa Código de barras Visto por última vez Precio de reemplazo Tipo de ítem Koha
        Biblioteca del Ateneo de Madrid Biblioteca del Ateneo de Madrid Sala Palomar 17/01/2008     C-4219 1087873 23/02/2023 23/02/2023 Libro impreso
        Biblioteca del Ateneo de Madrid Biblioteca del Ateneo de Madrid Sala Pardo Bazán 17/01/2008     B-10735 1087872 23/02/2023 23/02/2023 Libro impreso